000 00768nam a2200289Ia 4500
005 20260324142606.0
008 008 260324s9999 xx 000 0 eng d
020 _a9781003428190
037 _aEBOOK
040 _aCRL
040 _beng
040 _cCRL
041 _2eng
041 _aeng
084 _qCRL
100 _aKatrina Brown; David W. Pearce
_91212516
245 4 _aThe Causes of Tropical Deforestation
245 4 _bThe Economic and Statistical Analysis of Factors Giving Rise to the Loss of the Tropical Forests
260 _bTaylor and Francis
260 _c1994
365 _a
365 _b195
856 _uhttp://www.taylorfrancis.com/books/9781003428190
942 _cEBOOK
999 _c1816881
_d1816881